Κάτι θα γίνει, θα δεις : διηγήματα

Αποθηκεύτηκε σε:
Λεπτομέρειες βιβλιογραφικής εγγραφής
Κύριος συγγραφέας: Οικονόμου, Χρήστος, 1970-
Μορφή: Βιβλίο
Γλώσσα:Greek
Δημοσίευση: Αθήνα : Πόλις, 2010
Θέματα:
Ετικέτες: Προσθήκη ετικέτας
Δεν υπάρχουν, Καταχωρήστε ετικέτα πρώτοι!

MARC

LEADER 00000cam a2200000 i 4500
001 1/23374
008 121017s2010 gre d
020 |a 978-960-435-267-8 
035 |l 10113231 
040 |a GR-MY-UA  |b gre  |e aacr 
041 0 |a gre 
082 0 |a 889.3  |2 (22) 
100 1 |a Οικονόμου, Χρήστος,   |d 1970- 
245 1 0 |a Κάτι θα γίνει, θα δεις :  |b διηγήματα /  |c Χρήστος Οικονόμου 
260 |a Αθήνα :   |b Πόλις,   |c 2010 
300 |a 258 σ.;  |c 21 εκ. 
650 0 0 |a Greek fiction, Modern. 
852 |a INST  |b SAMOS  |e 20121017  |h 889.3 ΟΙΚ  |p 005300033661  |q 005300033661  |t BK  |y 0 
901 |a BIBL3-2012-3 
909 |a Σ  |b 172476 
970 |a ΓΟΥΒΑΛΑ  |b ΒΑΣΩ  |z 2012/10/17